00688nam a2200229Ia 45000010006000000050017000060070003000230080041000260400025000670410008000920820019001001000025001192450056001442500014002002600053002143000019002676530015002866530017003019420012003189520111003309990017004412800420240114001028.0ta170515s 197 ii g b000 u 465 u aCotton College,Assam a465 a310bKo 818 St aKoenker, Robert H. . 0aStatistics /cRobert H. Koenker.hTextual Documents a1st ed. / aNew Jercey :bLittlefield, Adams & Co ,cC 1971. a171p. ;c21cm. aStatistics aG-Statistics 2ddccBK 00104070aSKBLbSKBLd2012-02-01f00000l0o310 Ko 818 Stp70186r2024-01-14 00:00:00t1w2012-02-01yBK c27986d27986